Normal view MARC view

Entry Nombre personal

Number of records used in: 12

001 - NÚMERO DE CONTROL

  • campo de control: 74146

003 - IDENTIFICADOR DE NÚMERO DE CONTROL

  • campo de control: SpMaBN

005 - FECHA Y HORA DE LA ÚLTIMA TRANSACCIÓN

  • campo de control: 20231205202858.0

008 - ELEMENTOS DE DATO DE LONGITUD-FIJA

  • campo de control de longitud fija: 901120n| aijnnaabn a aaa

016 ## - NÚMERO DE CONTROL DE UNA AGENCIA BIBLIOGRÁFICA NACIONAL

  • Número de control del registro: BNE19900101057

024 7# - IDENTIFICADOR DE OTROS ESTÁNDARES

  • Número estándar o código: http://viaf.org/viaf/2607041/
  • Fuente: viaf

024 7# - IDENTIFICADOR DE OTROS ESTÁNDARES

  • Número estándar o código: https://isni.org/isni/0000000108632705
  • Fuente: isni

024 7# - IDENTIFICADOR DE OTROS ESTÁNDARES

  • Número estándar o código: http://www.wikidata.org/entity/Q5831178
  • Fuente: wikidata

040 ## - FUENTE DE CATALOGACIÓN

  • Centro catalogador/agencia de origen: SpMaBN
  • Lengua de catalogación: spa
  • Centro/agencia transcriptor: SpMaBN
  • Normas de descripción: rdc
  • Convención/Normas de encabezamiento de materia/tesauro: embne

046 ## - FECHAS CON CODIFICACIÓN ESPECIAL

  • Fecha de nacimiento: 1918
  • Fecha de la muerte: 2002

100 1# - ENCABEZAMIENTO-NOMBRE DE PERSONA

  • Nombre de persona: Lorenzo, Emilio,
  • Fechas asociadas al nombre: 1918-2002

370 ## - LUGAR ASOCIADO

  • Lugar de nacimiento: Puerto Seguro
  • Número de control del registro de autoridad o número normalizado: XX460785
  • Fuente de información: Wikidata

373 ## - GRUPO ASOCIADO

  • Grupo asociado: Real Academia Española
  • Fuente de información: Wikidata

373 ## - GRUPO ASOCIADO

  • Grupo asociado: Ateneo de Madrid
  • Fuente de información: Olmos, Víctor. Ágora de la libertad: historia del Ateneo de Madrid (2018-2019)

374 ## - OCUPACIÓN

  • Ocupación: Germanista
  • Fuente de información: Wikidata

375 ## - GÉNERO/SEXO

  • Género: Masculino

377 ## - IDIOMA ASOCIADO

  • Código del idioma: spa
  • Término de lengua/lenguaje: Español

400 1# - TRAZADO DE VÉASE--NOMBRE DE PERSONA

  • Nombre de persona: Lorenzo Criado, Emilio,
  • Fechas asociadas al nombre: 1918-2002

670 ## - FUENTE DE DATOS ENCONTRADOS

  • Cita de la fuente: El español y otras lenguas, 1980
  • Información encontrada: port. (Emilio Lorenzo)

670 ## - FUENTE DE DATOS ENCONTRADOS

  • Cita de la fuente: Cantar de los Nibelungos, 1994
  • Información encontrada: port. (ed. y trad., Emilio Lorenzo Criado)

670 ## - FUENTE DE DATOS ENCONTRADOS

  • Cita de la fuente: WWW El Mundo, 3-7-2002
  • Información encontrada: (Emilio Lorenzo; n. 1918, Puerto Seguro (Salamanca), m. 2-7-2002, Madrid; catedrático de Lingüística Germánica e Inglesa en la Univ. Complutense)

678 ## - DATOS BIOGRÁFICOS O HISTÓRICOS

  • Datos biográficos o históricos: Socio del Ateneo de Madrid. Vocal del Ateneo en 1963-74
  • Ampliación de la nota: Fuente: Olmos, Víctor. Ágora de la libertad: historia del Ateneo de Madrid (2018-2019)

856 4# - LOCALIZACIÓN Y ACCESO ELECTRÓNICOS

  • Identificador Uniforme de Recursos: http://dialnet.unirioja.es/servlet/autorExterno/BNE/1021675